Länder Europas vor dem Ersten Weltkrieg - Statistiken

Allgemein
  • Dieses Quiz wurde 627 mal gespielt
  • Das Durchschnittsergebnis liegt bei 24 aus 25
Antworten auf der Karte
Die Antworten werden auf der Karte rot bzw. grün angezeigt, abhängig davon wie oft sie richtig erraten wurden.
 
Antwortstatistiken
Land % Korrekt
Belgien
99%
Deutschland
99%
Frankreich
99%
Italien
99%
Niederlande
99%
Norwegen
99%
Österreich-Ungarn
99%
Portugal
99%
Russland
99%
Schweden
99%
Schweiz
99%
Spanien
99%
Dänemark
98%
Griechenland
98%
Vereinigtes Königreich
98%
Luxemburg
97%
Albanien
96%
Andorra
96%
Liechtenstein
96%
Monaco
95%
San Marino
95%
Bulgarien
94%
Rümanien
94%
Serbien
94%
Montenegro
88%
Keine übereinstimmenden Quizze gefunden
Verteilung der Resultate
Anzahl Personen mit jedem Resultat
Perzentil nach korrekt beantworteten Fragen
Ihre Resultats-Entwicklung
Sie haben dieses Quiz noch nicht gespielt